Detalles MARC
| 000 -CABECERA |
| campo de control de longitud fija |
01783nas a2200361 i 4500 |
| 001 - NÚMERO DE CONTROL |
| campo de control |
323517 |
| 003 - IDENTIFICADOR DEL NÚMERO DE CONTROL |
| campo de control |
AGNRD |
| 005 - FECHA Y HORA DE LA ÚLTIMA TRANSACCIÓN |
| campo de control |
20250716151101.0 |
| 007 - CAMPO FIJO DE DESCRIPCIÓN FÍSICA--INFORMACIÓN GENERAL |
| campo de control de longitud fija |
ta |
| 008 - DATOS DE LONGITUD FIJA--INFORMACIÓN GENERAL |
| campo de control de longitud fija |
250716e2025 dr a p|ro || ospa || | |
| 010 ## - NÚMERO DE CONTROL DE LA BIBLIOTECA DEL CONGRESO |
| Número de control de LC |
2025 |
| 020 ## - NÚMERO INTERNACIONAL ESTÁNDAR DEL LIBRO |
| Número Internacional Estándar del Libro |
9789945164435 |
| 022 ## - NÚMERO INTERNACIONAL NORMALIZADO PARA PUBLICACIONES SERIADAS |
| Número Internacional Normalizado para Publicaciones Seriadas |
2811-5082 |
| 040 ## - FUENTE DE LA CATALOGACIÓN |
| Centro/agencia transcriptor |
AGNRD |
| Centro catalogador/agencia de origen |
AGNRD |
| Normas de descripción |
RDA |
| Lengua de catalogación |
spa |
| Centro/agencia modificador |
DO-SdBNP |
| 041 ## - CÓDIGO DE LENGUA |
| Código de lengua del texto/banda sonora o título independiente |
spa |
| 110 ## - ENTRADA PRINCIPAL--NOMBRE DE ENTIDAD CORPORATIVA |
| 9 (RLIN) |
68169 |
| Nombre de entidad corporativa o nombre de jurisdicción como elemento de entrada |
República Dominicana. Consejo Nacional de Bioética en Salud (CONABIOS) |
| 245 ## - MENCIÓN DE TÍTULO |
| Título |
Memoria institucional : |
| Resto del título |
CONABIOS 2023-2024 / |
| Mención de responsabilidad, etc. |
Consejo Nacional de Bioética en Salud [y otros cuatros]. |
| 264 ## - PRODUCCIÓN, PUBLICACIÓN, DISTRIBUCIÓN, FABRICACIÓN Y COPYRIGHT |
| Producción, publicación, distribución, fabricación y copyright |
Santo Domingo, República Dominicana : |
| Nombre del de productor, editor, distribuidor, fabricante |
Ministerio de Salud Pública (MSP). |
| -- |
Consejo Nacional de Bioética en Salud (CONABIOS), |
| Fecha de producción, publicación, distribución, fabricación o copyright |
2025. |
| 300 ## - DESCRIPCIÓN FÍSICA |
| Extensión |
volumen : |
| Otras características físicas |
ilustraciones, fotografías tablas ; |
| Dimensiones |
26 cm. |
| 310 ## - PERIODICIDAD ACTUAL |
| Periodicidad actual |
Memoria 2023-2024. |
| 336 ## - TIPO DE CONTENIDO |
| Término de tipo de contenido |
texto |
| Código de tipo de contenido |
txt |
| Fuente |
rdacontent |
| 337 ## - TIPO DE MEDIO |
| Nombre/término del tipo de medio |
sin mediación |
| Código del tipo de medio |
n |
| Fuente |
rdamedia |
| 338 ## - TIPO DE SOPORTE |
| Nombre/término del tipo de soporte |
volumen |
| Código del tipo de soporte |
nc |
| Fuente |
rdacarrier |
| 362 ## - FECHAS DE PUBLICACIÓN Y/O DESIGNACIÓN SECUENCIAL |
| Fecha de publicación y/o designación secuencial |
Año 2025. |
| 500 ## - NOTA GENERAL |
| Nota general |
Esta Memoria incluye ISBN y ISSN. |
| 505 ## - NOTA DE CONTENIDO CON FORMATO |
| Nota de contenido con formato |
Prólogo, 7.-- Estructura e identidad institucional, 11.-- Sesione del pleno del CONABIOS, 23.-- Gestión administrativa, 27.-- Gestión de monitoreo, 59.-- Gestión de creación y capacitación del Comité de Ética de Investigación, 85.-- Actividades y fortalecimiento institucional, 89.-- Capacitación, 99.-- Anexos, 103. |
| 610 ## - PUNTO DE ACCESO ADICIONAL DE MATERIA--NOMBRE DE ENTIDAD CORPORATIVA |
| 9 (RLIN) |
68170 |
| Nombre de entidad corporativa o nombre de jurisdicción como elemento de entrada |
Consejo Nacional de Bioética en Salud (CONABIOS) |
| Subdivisión general |
Memorias e informes |
| 700 ## - PUNTO DE ACCESO ADICIONAL--NOMBRE DE PERSONA |
| Nombre de persona |
Fernández R., Aura Celeste |
| Término indicativo de función/relación |
coordinadora |
| 9 (RLIN) |
28963 |
| 700 ## - PUNTO DE ACCESO ADICIONAL--NOMBRE DE PERSONA |
| Nombre de persona |
Plácido Montero, José |
| Término indicativo de función/relación |
coordinador |
| 9 (RLIN) |
88373 |
| 700 ## - PUNTO DE ACCESO ADICIONAL--NOMBRE DE PERSONA |
| Nombre de persona |
Adorno Rivera, Jenny M. |
| Término indicativo de función/relación |
coordinadora |
| 9 (RLIN) |
88374 |
| 700 ## - PUNTO DE ACCESO ADICIONAL--NOMBRE DE PERSONA |
| Nombre de persona |
Espinal Durán, Esmarlin R. |
| Término indicativo de función/relación |
diseño, diagramación, cuidado de edición y portada |
| 9 (RLIN) |
88375 |
| 942 ## - ELEMENTOS DE PUNTO DE ACCESO ADICIONAL (KOHA) |
| Fuente del sistema de clasificación o colocación |
Dewey Decimal Classification |
| Tipo de ítem Koha |
Publicación periódica |